000
00296nam a2200133Ia 4500
999
_c
5866
_d
5866
003
OSt
008
191201s2014 xx 000 0 und d
100
_a
VARGHESE, PC
245
0
_a
Building Construction
260
_a
N. delhi
_b
PHI
_c
2014
300
_a
448
650
_a
B.Tech(CE)
942
_2
ddc
_c
BK